Arthur Becker (Bartmannshagen) - Agrarier, Sozialdemokrat, Jude

Titel: Arthur Becker (Bartmannshagen) - Agrarier, Sozialdemokrat, Jude
Verfasser:
In: Pommern, (1996), Seite 351-362
alle Artikel anzeigen
Veröffentlicht: 1996
Format: Aufsatz
Sprache: Deutsch
Kein Bild verfügbar
X
alg: 39146326
001A    $01999:11-11-16 
001B    $01999:15-05-21 $t20:54:15.000 
001D    $01999:11-11-16 
001U    $0utf8 
001X    $00 
002@    $0Aox 
003@    $0391463268 
007A    $0391463268 $aHEB 
007T    $0Herd08214 
010@    $ager 
011@    $a1996 
021A    $aArthur Becker (Bartmannshagen) - Agrarier, Sozialdemokrat, Jude 
028A    $aWilhelmus $dWolfgang 
031A    $h351-362 $j1996 
039B    $aIn $8--Aau--. Pommern. - Greifswald : Steinbecker Verl. Rose, 1996. - 468 S.. - Ill., Kt.. - ISBN 3-931483-08-8 $x199600000000000649 $9050939963 
045F    $a929.0943816 $eDDC23BSB 
045F/01 $a929 
045F/03 $g43816 

lok: 39146326 78

exp: 39146326 78 1 #EPN
201B/01 $003-04-17 $t17:53:40.000 
201U/01 $0utf8 
203@/01 $078755734X 
208@/01 $a11-11-16 $be 
209A/01 $a/ $f000 $x00 
220C/01 $aTitelaufnehmer: nk 
244Z/01 $2Trx $#Pomeranija $#Pommern $#Pomoransko $#Pomořansko $#Hinterpommern;Vorpommern;Mittelpommern $#Pomorze Środkowe;Pomorze Przednie $#Pomořansko;Západní Pomořany; Pomořany $8--Trx--Pomorze Zachodnie $x01 $9391303775 
244Z/01 $2Trx $8--Trx--Grimmen $x02 $9391327305 
244Z/01 $aGeschichte 1862-1933 $x03 
244Z/01 $2Trx $#Becker-Bartmannshagen, Arthur $8--Trx--Becker, Arthur$Z1862-1933 $x04 $9390701351 
244Z/01 $2Trx $#sotsiaaldemokraatia $#socialdemokratija $#social democracy $#szociáldemokrácia $#socjaldemokracja $#sociálna demokracia $#sociální demokracie $8--Trx--Sozialdemokratie $x05 $9391369369 
244Z/01 $2Trx $#poliitikud $#politikai $#politicians $#politikus $#politycy $#politici $#politici $#Staatsmänner $#štátnici $#státníci $8--Trx--Politiker $x06 $9391382128 
244Z/01 $2Trx $8--Trx--Einzelbeiträge $x07 $9391384570 
245Z/01 $a12.03 $x01 
247C/01 $82080>Marburg/Lahn, Herder-Institut, Forschungsbibliothek, Bibliographieportal $9336309341
LEADER 00000caa a22000002c 4500
001 391463268
003 DE-603
005 20210515205415.0
007 tu
008 161111s1996 xx |||| | u00||u|ger c
035 |a (DE-599)HEB391463268 
040 |a DE-603  |b ger  |c DE-603  |d DE-603 
041 |a ger 
082 0 4 |8 1\u  |a 929.0943816  |q DE-101  |2 23/BSB 
085 |8 1\u  |b 929 
085 |8 1\u  |z 2  |s 43816 
100 1 |a Wilhelmus, Wolfgang 
245 0 0 |a Arthur Becker (Bartmannshagen) - Agrarier, Sozialdemokrat, Jude 
264 0 |c 1996 
773 0 8 |i In  |t Pommern  |d Greifswald : Steinbecker Verl. Rose, 1996  |h 468 S., Ill., Kt.  |z 3931483088  |g (1996), Seite 351-362  |w (DE-603)050939963 
924 0 |9 2080  |a (DE-603)78755734X  |b DE-2080  |c HES  |d d  |g /